Les éditions locales du Monopoly en français - Statistiques

Statistiques générales
  • Ce quiz a été pris 10 fois
  • Le résultat moyen est 29 sur 87
Statistiques - réponses
Indice Réponse % Correct
Région B Bretagne
89%
Ville l69 Lyon
89%
Ville m13 Marseille
89%
Ville l59 Lille
78%
Ville n06 Nice
78%
Ville b25 Besançon
67%
Ville b33 Bordeaux
67%
Ville c14 Caen
67%
Ville g38 Grenoble
67%
Ville n44 Nantes
67%
Ville p64 Pau
67%
Ville r35 Rennes
67%
Ville s67 Strasbourg
67%
Région A Auvergne
56%
Ville c06 Cannes
56%
Ville d21 Dijon
56%
Ville l72 Le Mans
56%
Ville m57 Metz
56%
Ville m34 Montpellier
56%
Ville n54 Nancy
56%
Ville n30 Nîmes
56%
Région N Nord
56%
Région N Normandie
56%
Ville o45 Orléans
56%
Ville p66 Perpignan
56%
Ville q29 Quimper
56%
Ville r51 Reims
56%
Ville t83 Toulon
56%
Région A Alsace
44%
Ville a80 Amiens
44%
Ville a49 Angers
44%
Ville b29 Brest
44%
Ville c63 Clermont-Ferrand
44%
Ville l76 Le Havre
44%
Ville s42 Saint-Etienne
44%
Ville t37 Tours
44%
Ville b34 Béziers
33%
Région B Bourgogne
33%
Région C Cantal
33%
Ville c68 Colmar
33%
Région C Corse
33%
Ville d59 Dunkerque
33%
Ville m68 Mulhouse
33%
Région P Poitou
33%
Ville r76 Rouen
33%
Ville v59 Valenciennes
33%
Ville v78 Versailles
33%
Ville a13 Aix-en-Provence
22%
Ville b18 Bourges
22%
Région C Charente
22%
Région G Gironde
22%
Région H Haute-Savoie
22%
Ville l17 La Rochelle
22%
Région P Pas-de-Calais
22%
Région P Provence
22%
Région V Vendée
22%
Ville a30 Alès
11%
Région A Aveyron
11%
Ville a84 Avignon
11%
Région H Hérault
11%
Région I Isère
11%
Région J Jura
11%
Région L Lozère
11%
Ville m12 Millau
11%
Ville m46 Montcuq
11%
Région P Pays basque
11%
Région P Picardie
11%
Ville s34 Sète
11%
Ville t10 Troyes
11%
Région B Basse-Normandie
0%
Région B Bassin d'Arcachon
0%
Région B Beaujolais
0%
Ville b60 Beauvais
0%
Région C Camargue
0%
Ville c74 Chamonix
0%
Ville c60 Compiègne
0%
Région H Haute-Normandie
0%
Ville l92 La Garenne-Colombes
0%
Région L Limousin
0%
Région L Lorraine
0%
Région M Morbihan
0%
Région N Nord-Pas-de-Calais
0%
Région P Périgord
0%
Ville p92 Puteaux
0%
Région S Saint-Barth
0%
Région S Seine-Saint-Denis
0%
Région T Touraine
0%
Aucun quiz correspondant
Distribution des résultats
% des personnes avec chaque résultat
Percentile par nombre de réponses
Votre historique - résultats
Vous n’avez pas pris ce quiz